000 00814nam a2200265 4500
001 34908
010 _a9789720728425
021 _aPT
090 _a34908
100 _a20220919 frey50
101 0 _apor
102 _aPT
200 1 _aO dragão
_fLuísa Ducla Soares
_cil. Ana Afonso
205 _a[1.ª ed.]
210 9 _aPorto
_cPorto Editora,
_d2014
215 _a63 p.
_ctodo il.
_d20 cm
225 2 _aEducação literária
300 _aLeitura recomendada para o 5<U+00BA> ano de escolaridade
675 _a821.134.3-34"19/20"(072)
_vBN
_zpor
700 1 _aSoares,
_bLuísa Ducla,
_f1939-
_92431
702 1 _aAfonso,
_bAna,
_f1977-
_4440
801 0 _aPT
_bBN
_gRPC
856 4 1 _uhttp://rnod.bnportugal.gov.pt/ImagesBN/winlibimg.aspx?skey=&doc=1902236&img=59622&save=true
990 _cLIVROS
994 _aCOMP